| 000 | 00334 a2200133 4500 | ||
|---|---|---|---|
| 001 | 55034 | ||
| 082 | _a621.3848 CUR | ||
| 090 |
_c34137 _d34137 |
||
| 100 | _aCurry, G. R. | ||
| 245 | _aRadar system performance modelling, 2nd Ed with CD-ROM | ||
| 250 | _a2 | ||
| 260 |
_aBoston _bArtech House, Boston _c2005 |
||
| 505 | _aCD/DVD | ||
| 942 |
_aNUST-CAE _k621.3848 CUR |
||
| 999 |
_c290107 _d290107 |
||